Tableau des médailles olympiques - Basket-ball - Statistiques

Statistiques générales
  • Ce quiz a été pris 117 fois
  • Le résultat moyen est 11 sur 15
Statistiques - réponses
Total Or Argent Bronze Pays % Correct
30 25 2 3 États-Unis
100%
5 0 4 1 France
99%
5 0 4 1 Espagne
95%
5 0 1 4 Brésil
88%
2 1 0 1 Argentine
85%
6 0 3 3 Australie
81%
2 0 1 1 Serbie
81%
2 0 1 1 Chine
75%
3 0 0 3 Russie
74%
2 0 2 0 Italie
73%
12 4 4 4 Union soviétique
69%
7 1 4 2 Yougoslavie
62%
3 0 0 3 Lituanie
55%
2 0 1 1 Bulgarie
20%
2 0 0 2 Uruguay
18%
Aucun quiz correspondant
Distribution des résultats
% des personnes avec chaque résultat
Percentile par nombre de réponses
Votre historique - résultats
Vous n’avez pas pris ce quiz